000
00307nam a22001337a 4500
008
170508b xxu||||| |||| 00| 0 eng d
020
_a
9780131421325
041
_a
eng
080
_a
342
100
_a
14
101
_a
SHJ
245
_a
PROACTIVE SECURITY ADMINISTRATION
_c
CURTIS.G.E
942
_2
udc
_c
BK
999
_c
12949
_d
12949